000 00762nam a2200217 a 4500
001 000043478
005 20201002044815.0
008 090929s2009 dr a 001 0 spa d
040 _aDO-SdBNP
_bspa
_cBNPHU
082 _a581.97293
_bL763f, 2000
100 1 _aLiogier, Alain Henri,
_d1916-
_924048
245 1 3 _aLa flora de La Española /
_cAlain Henri Liogier.
260 _aSanto Domingo :
_bJardín Botánico Nacional ,
_c2009.
300 _av. :
_bil. ;
_c23 cm.
500 _aLa biblioteca posee suplemento
504 _aBibliografía p: 173-188
590 _aInventariado,2018 / DG
650 4 _aBotánica
_zIsla Española (Haití Y República Dominicana{Rpara}
_924049
650 4 _aTaxonomía vegetal
_91516
910 _aValidado. Control de calidad MFF
999 _c42967
_d42967